MSS 2999 Kitab Tib : A modern medical insight into and interpretation of a Malau medical manuscrip

Bibliographic Details
Format: Book
Published: Kepong, Selangor : FRIM , 2015
Subjects:

MARC

LEADER 00000cam a2200000 7i4500
001 0000004082
005 20160419.0
020 0 0 |a 9789670622460 
090 0 0 |a 615.880899923   |b TIB 2015 
245 1 0 |a MSS 2999 Kitab Tib :   |b A modern medical insight into and interpretation of a Malau medical manuscrip   |c Abdul Ghani Hussain 
260 0 0 |a Kepong, Selangor :   |b FRIM ,   |c 2015 
300 |a xix.399pages. ;   |c 26cm. 
500 0 0 |a Includes bibliography and index 
650 0 0 |a Content analysis (Communication) 
650 0 0 |a Folk medicine   |x Formulae, receipts, prescriptions 
650 0 0 |a Medicine magic, mystic and spagiric 
650 0 0 |a Traditional medicine---Herbs--Therapuetic use 
998 |a JPSM 
999 |a 007945   |b Monograph   |c Open Shelf   |e Default branch 
999 |a 007946   |b Monograph   |c Open Shelf   |e Default branch